Development of the Visegrad Group in the context of efforts to accelerate the convergence processes by joing the European Union

Prehľad konvergenčných a vývojových procesov v krajinách V4. Prípravné procedúry k vstupu do EÚ - prieskumy verejnej mienky, kampaň, referendum, prístupová zmluva.

Enregistré dans:
Détails bibliographiques
Auteur principal: Hudec, Martin
Format: Chapitre de livre
Langue:anglais
Sujets:
Tags: Ajouter un tag
Pas de tags, Soyez le premier à ajouter un tag!

MARC

LEADER 00000naa a2200000 4500
001 0220416
005 20240502073625.1
041 0 |a eng 
044 |a SK 
245 1 0 |a Development of the Visegrad Group in the context of efforts to accelerate the convergence processes by joing the European Union  |c Martin Hudec 
520 |a Prehľad konvergenčných a vývojových procesov v krajinách V4. Prípravné procedúry k vstupu do EÚ - prieskumy verejnej mienky, kampaň, referendum, prístupová zmluva. 
610 2 0 |a Vyšehradská štvorka 
610 2 0 |a Európska únia 
610 2 0 |a spolupráca hospodárska medzinárodná 
610 2 0 |a konvergencia 
100 1 |a Hudec, Martin